Mystery XI #10 - Statistics

General Stats
  • This quiz has been taken 228 times
  • The average score is 7 of 11
Answer Stats
Answer % Correct
Kylian Mbappe
98%
Bernardo Silva
91%
Danijel Subasic
78%
Benjamin Mendy
76%
Fabinho
74%
Thomas Lemar
69%
Tiemoue Bakayoko
52%
Djibril Sidibe
51%
Valere Germain
32%
Andrea Raggi
28%
Jemerson
23%
No matching quizzes found
Score Distribution
Percent of People with Each Score
Percentile by Number Answered
Your Score History
You have not taken this quiz